000 00808nam a2200253 a 4500
001 82645
003 BD-RjUL
005 20240116143037.0
008 2401 s1903 enk 000 0 eng d
035 _a(BD-RjUL)82645
040 _aHUJI
_beng
_cBD-RjUL
041 0 _aeng
082 _223
_a942.010922
_bGEH 1903
100 0 _aGeoffrey,
_d1100?-1154
_910878
245 1 0 _aHistories of the kings of Britain /
_cTr.By Sebastian Evens.
260 _aLondon :
_bJ.M.Dent,
_c1904.
300 _axxiv, 250 pages.
_c17 cm
600 0 4 _aArthur,
_cKing
_910879
600 0 4 _aMerlin
_c(Legendary character)
_910880
650 4 _aLegends
_zGreat Britain.
_910881
651 4 _aGreat Britain
_xHistory
_yTo 449
_910882
700 1 _aEvans, Sebastian,
_d1830-1909
_910883
942 _2ddc
_cBK
999 _c82645
_d82645